| 000 | 00696nam a2200181 i 4500 | ||
|---|---|---|---|
| 001 | 26786 | ||
| 003 | ES-MaACL | ||
| 005 | 20230906153512.0 | ||
| 007 | t| | ||
| 008 | 030110s1915 xxu ||||1| eng d | ||
| 100 | 1 |
_aAustin, Mary ( _d1868-1934) _923959 |
|
| 245 | 1 | 0 |
_aWhat the Mexican conference really means _b: its represents desires of the people, deprived of human rights, to re-establish themselves in the scheme of social evolution / _cMary Austin. |
| 260 |
_aNew York : _bLatin-American News Association, _c[1915?] |
||
| 300 |
_a14 p. ; _c23 cm. |
||
| 500 | _aEn port.: From "New York times magazine." | ||
| 651 | 4 |
_aMéxico- _xHistoria- _z1910-1946. _99066 |
|
| 852 |
_aES-MaACL _j1565-F-5 |
||
| 999 |
_c26786 _d26786 |
||